000 00306nam a2200109Ia 4500
008 220204s9999 xx 000 0 und d
082 _a330.34:5
_bLAV
245 0 _aScientific operation for development: Search for new directions
260 _aNew Delhi
_bVikas
_c1980
700 _aLavakare, P J
942 _cBK
999 _c34874
_d34874